[Event "Lleida-ch"]
[Site "Bellcaire"]
[Date "2016.11.13"]
[Round "7"]
[White "Verdes Nadal, Ramon"]
[Black "Parramon Guillaumet, Jaime"]
[Result "1-0"]
[WhiteElo "1974"]
[BlackElo "1915"]
[PlyCount "139"]
[EventDate "2016.10.02"]
[EventType "swiss"]
[EventRounds "9"]
[EventCountry "ESP"]
[SourceTitle "EXT 2018"]
[Source "ChessBase"]
[SourceDate "2017.10.13"]
[SourceVersion "1"]
[SourceVersionDate "2017.10.13"]
[SourceQuality "1"]

1. Nf3 f5 2. e4 fxe4 3. Ng5 Nf6 4. d3 e3 5. Bxe3 g6 6. Nc3 d5 7. Bd4 Bg7 8. Nf3 Nc6 9. Bxf6 Bxf6 10. d4 Bg4 11. Be2 e6 12. Ne5 Bxe5 13. dxe5 Bxe2 14. Qxe2 Qg5 15. 0-0 Qxe5 16. Qxe5 Nxe5 17. Rfe1 Nc4 18. b3 Nd6 19. Nxd5 Kd7 20. Nf4 Rae8 21. c4 Rhf8 22. Nd3 Kc8 23. Re2 Rf6 24. Rae1 Nf7 25. Nc5 e5 26. f3 b6 27. Nd3 Rfe6 28. Nf4 Rd6 29. Nd5 c6 30. Nc3 Red8 31. Ne4 Re6 32. Kf2 Kc7 33. h4 h6 34. g4 g5 35. Rh1 Rd7 36. hxg5 Nxg5 37. Nxg5 hxg5 38. Rh8 Rd8 39. Rh5 Rg8 40. Rh7+ Kb8 41. Rf7 Rh6 42. Ke3 Rh3 43. Ke4 a5 44. a4 Rh1 45. Rf5 Rd1 46. Rxe5 c5 47. Kf5 Rf8+ 48. Kxg5 Rxf3 49. Re8+ Kc7 50. R8e7+ Kc8 51. R2e3 Rf8 52. Re8+ Rxe8 53. Rxe8+ Kd7 54. Re3 Rg1 55. Kf5 Rf1+ 56. Kg6 Rg1 57. g5 Rg2 58. Kf6 Rf2+ 59. Kg7 Rg2 60. g6 Rg1 61. Kf7 Rf1+ 62. Kg8 Rg1 63. g7 Rf1 64. Re4 Rf3 65. Kh7 Rh3+ 66. Kg6 Rg3+ 67. Kf6 Rg1 68. Re7+ Kd8 69. Re5 Kd7 70. Rg5 1-0

[Event "Tarrega Tardor op 1st"]
[Site "Tarrega"]
[Date "2015.10.02"]
[Round "1"]
[White "Verdes Nadal, Ramon"]
[Black "Nadal Gene, Ramon"]
[Result "1-0"]
[WhiteElo "2223"]
[BlackElo "1832"]
[PlyCount "55"]
[EventDate "2015.10.02"]
[EventType "swiss"]
[EventRounds "8"]
[EventCountry "ESP"]
[SourceTitle "CBM 169 Extra"]
[Source "ChessBase"]
[SourceDate "2015.12.18"]
[SourceVersion "1"]
[SourceVersionDate "2015.12.18"]
[SourceQuality "1"]

1. Nf3 Nc6 2. d4 d5 3. g3 Bf5 4. Bg2 e6 5. 0-0 Nf6 6. Bg5 Be7 7. c3 h6 8. Bxf6 Bxf6 9. Nbd2 0-0 10. Re1 a6 11. e4 Bh7 12. exd5 Qxd5 13. Ne5 Qd6 14. Ndc4 Qe7 15. Nxc6 bxc6 16. Bxc6 Rab8 17. b4 Rfd8 18. Qa4 Bxd4 19. cxd4 Rxb4 20. Qxa6 Rxd4 21. Rac1 Bd3 22. Qa8+ Kh7 23. Be4+ g6 24. Bxd3 Rxd3 25. Ne5 Rd2 26. Qa5 Qf6 27. Ng4 Qe7 28. Rxc7 1-0

[Event "Lleida Province-ch"]
[Site "Tornabous"]
[Date "2014.11.23"]
[Round "8"]
[White "Verdes Nadal, Ramon"]
[Black "Trepat Herranz, Joan"]
[Result "0-1"]
[WhiteElo "2172"]
[BlackElo "2419"]
[PlyCount "132"]
[EventDate "2014.10.05"]
[EventType "swiss"]
[EventRounds "9"]
[EventCountry "ESP"]
[SourceTitle "CBM 163 Extra"]
[Source "ChessBase"]
[SourceDate "2014.12.23"]
[SourceVersion "1"]
[SourceVersionDate "2014.12.23"]
[SourceQuality "1"]

1. Nf3 c5 2. c4 Nc6 3. Nc3 g6 4. g3 Bg7 5. Bg2 e6 6. d3 Nge7 7. Be3 d6 8. Bg5 h6 9. Bxe7 Qxe7 10. 0-0 0-0 11. Qd2 a6 12. e3 Rb8 13. d4 b5 14. dxc5 dxc5 15. cxb5 axb5 16. Rac1 Rd8 17. Qe2 c4 18. Rfd1 Ba6 19. Rxd8+ Rxd8 20. a3 b4 21. axb4 Nxb4 22. Ra1 Qd6 23. Bf1 Nd3 24. Ne1 Nc5 25. Rd1 Qb8 26. Rxd8+ Qxd8 27. Qd1 Qc7 28. h4 Be5 29. Bg2 Qb6 30. Qd2 Kg7 31. Nf3 Bf6 32. g4 Nd3 33. g5 hxg5 34. hxg5 Be7 35. Nd1 Qb5 36. Qc3+ Kg8 37. Bf1 Bb7 38. Bg2 Bxf3 39. Bxf3 Qxg5+ 40. Kf1 Ne5 41. Be2 Qh4 42. Ke1 Bf6 43. Qb4 Kg7 44. Kd2 Qe4 45. Nc3 Qg2 46. Nd1 Qd5+ 47. Kc2 g5 48. Qd2 Qe4+ 49. Kc1 g4 50. Nc3 Qh1+ 51. Qd1 Qg2 52. Qf1 Qa8 53. Bxc4 Qc6 54. Be2 Ng6 55. Kc2 Bxc3 56. bxc3 f5 57. Bb5 Qe4+ 58. Qd3 Qf3 59. Qe2 Qd5 60. Bc4 Qc6 61. Bb5 Qg2 62. Qf1 Qh2 63. Bc4 g3 64. Qd3 Qxf2+ 65. Kb3 g2 66. Qd7+ Kh6 0-1

[Event "Lleida Province-ch"]
[Site "Tornabous"]
[Date "2014.11.16"]
[Round "7"]
[White "Campos Olaya, Israel"]
[Black "Verdes Nadal, Ramon"]
[Result "1-0"]
[WhiteElo "2333"]
[BlackElo "2172"]
[PlyCount "113"]
[EventDate "2014.10.05"]
[EventType "swiss"]
[EventRounds "9"]
[EventCountry "ESP"]
[SourceTitle "CBM 163 Extra"]
[Source "ChessBase"]
[SourceDate "2014.12.23"]
[SourceVersion "1"]
[SourceVersionDate "2014.12.23"]
[SourceQuality "1"]

1. e4 g6 2. d4 Nf6 3. e5 Nd5 4. c4 Nb4 5. Bd2 N4a6 6. Bc3 Bg7 7. d5 d6 8. exd6 Bxc3+ 9. Nxc3 cxd6 10. Nf3 Nd7 11. Qd4 0-0 12. Be2 Qb6 13. Qd2 Nf6 14. 0-0 Nc5 15. b3 Bg4 16. Ng5 Bxe2 17. Qxe2 Ncd7 18. Rad1 Rae8 19. Rd3 Kg7 20. Re3 h6 21. Nge4 Nxe4 22. Rxe4 Ne5 23. Na4 Qd8 24. f4 Nd7 25. Re1 Nb6 26. Nc3 Nc8 27. Qb2 Kh7 28. Nb5 e6 29. Qe2 a6 30. Nd4 Qb6 31. Qf2 Ne7 32. dxe6 f5 33. R4e2 d5 34. Rc1 dxc4 35. Rxc4 Rc8 36. Rec2 Rxc4 37. Rxc4 Rd8 38. Qe3 Rd6 39. Qe5 Rc6 40. Qf6 Ng8 41. Qf7+ Kh8 42. e7 Rxc4 43. Qxg8+ Kxg8 44. e8Q+ Kg7 45. Qe5+ Kf8 46. bxc4 Qb1+ 47. Kf2 Qxa2+ 48. Qe2 Qa5 49. Kg3 Qc3+ 50. Nf3 g5 51. fxg5 hxg5 52. Qe6 f4+ 53. Kg4 Qb2 54. Ne5 Qxg2+ 55. Kh5 Qxh2+ 56. Kg6 Qc2+ 57. Kf6 1-0

[Event "Balaguer op 17th"]
[Site "Balaguer"]
[Date "2012.06.22"]
[Round "7"]
[White "Trepat Herranz, Joan"]
[Black "Verdes Nadal, Ramon"]
[Result "1-0"]
[WhiteElo "2299"]
[BlackElo "1979"]
[PlyCount "51"]
[EventDate "2012.06.16"]
[EventType "swiss"]
[EventRounds "9"]
[EventCountry "ESP"]
[SourceTitle "EXT 2013"]
[Source "ChessBase"]
[SourceDate "2012.11.22"]
[SourceVersion "1"]
[SourceVersionDate "2012.11.22"]
[SourceQuality "1"]

1. e4 Nf6 2. e5 Nd5 3. d4 d6 4. Nf3 Bg4 5. exd6 cxd6 6. Be2 Nc6 7. 0-0 Nb6 8. a4 d5 9. a5 Nc4 10. a6 b5 11. b3 Nd6 12. Bf4 Rb8 13. h3 Bxf3 14. Bxf3 e6 15. c4 bxc4 16. bxc4 Nxc4 17. Bxb8 Qxb8 18. Nc3 Nb6 19. Na4 Be7 20. Nxb6 Qxb6 21. Qa4 Kd7 22. Rfc1 Rc8 23. Rab1 Bb4 24. Be2 Qxd4 25. Rxc6 Rxc6 26. Bb5 1-0

[Event "Balaguer op 16th "]
[Site "Balaguer"]
[Date "2011.07.21"]
[Round "5"]
[White "Verdes Nadal, Ramon"]
[Black "Ferrer Font, Jordi"]
[Result "1-0"]
[WhiteElo "1995"]
[BlackElo "1815"]
[PlyCount "46"]
[EventDate "2011.07.17"]
[EventType "swiss"]
[EventRounds "9"]
[EventCountry "ESP"]
[SourceTitle "CBM 143 Extra"]
[Source "ChessBase"]
[SourceDate "2011.08.29"]
[SourceVersion "1"]
[SourceVersionDate "2011.08.29"]
[SourceQuality "1"]

1. Nf3 c5 2. c4 Nc6 3. Nc3 g6 4. g3 Bg7 5. Bg2 Nf6 6. 0-0 0-0 7. d3 d5 8. cxd5 Nxd5 9. Nxd5 Qxd5 10. a3 Qd6 11. Qc2 e5 12. Be3 Nd4 13. Nxd4 cxd4 14. Bd2 Qb6 15. Rac1 Bg4 16. Rfe1 Rac8 17. Qb1 Qb3 18. Bb4 Rxc1 19. Qxc1 Rc8 20. Qa1 Rc2 21. f3 Be6 22. Rc1 Rxe2 23. Rc7 Rxb2 1-0

[Event "Catalunya Central 26th A"]
[Site "Manessa"]
[Date "2009.12.18"]
[Round "7.2"]
[White "Del Valle Cirera, Adria"]
[Black "Verdes Nadal, Ramon"]
[Result "1-0"]
[WhiteElo "2236"]
[BlackElo "2060"]
[PlyCount "61"]
[EventDate "2009.11.06"]
[EventType "swiss"]
[EventRounds "9"]
[EventCountry "ESP"]
[SourceTitle "EXT 2024"]
[Source "ChessBase"]
[SourceDate "2023.10.10"]
[SourceVersion "1"]
[SourceVersionDate "2023.10.10"]
[SourceQuality "1"]

1. e4 g6 2. Nc3 Bg7 3. Bc4 c6 4. h4 h5 5. d4 Qa5 6. Nf3 e6 7. e5 Ne7 8. 0-0 Nf5 9. Ne4 Na6 10. Bg5 Nc7 11. Bb3 b5 12. a4 b4 13. c4 bxc3 14. bxc3 Rb8 15. Bc2 Ba6 16. Re1 Nd5 17. Qd2 Bh6 18. Rab1 Rb6 19. Bxh6 Nxh6 20. Nd6+ Kf8 21. c4 Qxd2 22. Nxd2 Nc7 23. a5 Rxb1 24. Rxb1 Ke7 25. Nb3 Rb8 26. Nc5 Rxb1+ 27. Bxb1 Kd8 28. f3 Bc8 29. g4 Ne8 30. g5 Ng8 31. Nxf7+ 1-0

[Event "Catalunya Central 26th A"]
[Site "Manessa"]
[Date "2009.11.20"]
[Round "3.2"]
[White "Verdes Nadal, Ramon"]
[Black "Campos Olaya, Israel"]
[Result "0-1"]
[WhiteElo "2060"]
[BlackElo "2181"]
[PlyCount "54"]
[EventDate "2009.11.06"]
[EventType "swiss"]
[EventRounds "9"]
[EventCountry "ESP"]
[SourceTitle "EXT 2024"]
[Source "ChessBase"]
[SourceDate "2023.10.10"]
[SourceVersion "1"]
[SourceVersionDate "2023.10.10"]
[SourceQuality "1"]

1. g3 e5 2. Bg2 d5 3. d4 exd4 4. Qxd4 Nf6 5. Bg5 Be7 6. c3 Nc6 7. Qa4 0-0 8. Nd2 h6 9. Bxf6 Bxf6 10. e3 Bf5 11. Ngf3 Bd3 12. Nb3 b5 13. Qg4 b4 14. Nbd4 bxc3 15. bxc3 Nxd4 16. cxd4 c5 17. Kd2 c4 18. Rhc1 Qa5+ 19. Kd1 Qa4+ 20. Ke1 Rab8 21. Nd2 Rb2 22. Qd1 Qa5 23. Bf3 Be7 24. a3 Rfb8 25. h4 Bd6 26. Bg2 Re8 27. Bh1 Rxe3+ 0-1

[Event "Catalunya Central 26th A"]
[Site "Manessa"]
[Date "2009.11.06"]
[Round "1.3"]
[White "Verdes Nadal, Ramon"]
[Black "Ramon Solans, Albert"]
[Result "1-0"]
[WhiteElo "2060"]
[BlackElo "2176"]
[PlyCount "157"]
[EventDate "2009.11.06"]
[EventType "swiss"]
[EventRounds "9"]
[EventCountry "ESP"]
[SourceTitle "EXT 2024"]
[Source "ChessBase"]
[SourceDate "2023.10.10"]
[SourceVersion "1"]
[SourceVersionDate "2023.10.10"]
[SourceQuality "1"]

1. g3 g6 2. Bg2 Bg7 3. e4 c5 4. c3 Nc6 5. Ne2 e5 6. d3 Nge7 7. 0-0 0-0 8. f4 d6 9. Nd2 Be6 10. Nf3 f6 11. Be3 b6 12. d4 Bf7 13. dxe5 dxe5 14. Qxd8 Raxd8 15. fxe5 Nxe5 16. Nxe5 fxe5 17. Bg5 Rfe8 18. b3 h6 19. Bxe7 Rxe7 20. c4 Rd3 21. Rf3 Red7 22. Rc1 h5 23. Rc2 Bh6 24. Rxd3 Rxd3 25. Nc3 Be6 26. Kf2 Bg4 27. Nd5 Bd1 28. Rb2 Bc1 29. Rb1 Rd2+ 30. Ke3 Re2+ 31. Kd3 Bg5 32. Bh3 Rd2+ 33. Kc3 Bf3 34. Rf1 Bg4 35. Bxg4 hxg4 36. Nf6+ Kg7 37. Nxg4 Rd4 38. Nxe5 Bf6 39. Ng4 Bg5 40. Nf2 Be3 41. e5 Bxf2 42. Rxf2 Re4 43. Rd2 Re3+ 44. Rd3 Rxe5 45. Rd7+ Kh6 46. Kd2 Rh5 47. h4 Rf5 48. Ke2 Rf6 49. g4 Rf4 50. g5+ Kh5 51. Rh7+ Kg4 52. Ke3 Rd4 53. Rh6 Kf5 54. a4 Rd7 55. Rh8 Re7+ 56. Kf3 Rd7 57. Rf8+ Ke5 58. Kg4 Rd4+ 59. Kg3 Rd3+ 60. Kg2 Rd2+ 61. Kg3 Rd3+ 62. Rf3 Rd1 63. Kh3 Rd7 64. h5 gxh5 65. Kh4 Ke4 66. Rf8 Rd3 67. g6 Rxb3 68. g7 Rb1 69. Kxh5 Rh1+ 70. Kg6 Rg1+ 71. Kf6 Kd4 72. g8Q Rxg8 73. Rxg8 Kxc4 74. Ra8 a5 75. Rb8 Kb4 76. Ke5 Kxa4 77. Rxb6 Ka3 78. Kd5 a4 79. Kxc5 1-0

[Event "Balaguer op 12th"]
[Site "Balaguer"]
[Date "2007.07.16"]
[Round "1"]
[White "Rotstein, Arkadij"]
[Black "Verdes Nadal, Ramon"]
[Result "1-0"]
[WhiteElo "2515"]
[BlackElo "1994"]
[PlyCount "43"]
[EventDate "2007.07.16"]
[EventType "swiss"]
[EventRounds "10"]
[EventCountry "ESP"]
[SourceTitle "CBM 119 Extra"]
[Source "ChessBase"]
[SourceDate "2007.09.04"]
[SourceVersion "1"]
[SourceVersionDate "2007.09.04"]
[SourceQuality "1"]

1. c4 Nf6 2. Nf3 g6 3. g3 Bg7 4. Bg2 0-0 5. 0-0 c5 6. d4 cxd4 7. Nxd4 Nc6 8. Nc3 Nxd4 9. Qxd4 d6 10. Qd3 Rb8 11. Bf4 b6 12. Rac1 Bb7 13. e4 Rc8 14. b3 Bc6 15. Rfd1 Qc7 16. Nd5 Bxd5 17. cxd5 Qd7 18. Rc6 e5 19. Bg5 Rxc6 20. dxc6 Qxc6 21. Qxd6 Qc2 22. Rc1 1-0